| Поле | Инд. | ПП | Название | Значение |
|---|---|---|---|---|
| Тип записи | a | |||
| Библиографический уровень | b | |||
| 001 | Контрольный номер | RU/IS/BASE/106151213 | ||
| 005 | Дата корректировки | 20200522190759.9 | ||
| 084 | a | Индекс другой классификации/Индекс ББК | 88.352; 88.372; 88.53; 52.525** | |
| 100 | 1_ | a | Автор | Поссемайер И. |
| 100 | 1_ | a | Автор | Олитский М. |
| 245 | a | Заглавие | Стресс: тихий убийца | |
| 650 | a | Основная рубрика | медицина | |
| a | Основная рубрика | общая психология | ||
| a | Основная рубрика | патология | ||
| a | Основная рубрика | психические свойства личности | ||
| a | Основная рубрика | психология | ||
| a | Основная рубрика | психология личности | ||
| a | Основная рубрика | социальная психология | ||
| 653 | a | Ключевые слова | кинезиология | |
| a | Ключевые слова | психические состояния | ||
| a | Ключевые слова | психический стресс | ||
| a | Ключевые слова | свойства личности | ||
| a | Ключевые слова | социальное общение | ||
| a | Ключевые слова | стресс | ||
| a | Ключевые слова | стрессовое состояние | ||
| a | Ключевые слова | стрессовые воздействия | ||
| a | Ключевые слова | стрессоустойчивость | ||
| 773 | t | Заглавие источника | GEO | |
| d | Дата издания источника | 2003 | ||
| g | Прочая информация | № 5. - С. 167 - 179 : фот. | ||
| w | Контрольный № источника | RU/IS/BASE/104333250 | ||
| 901 | t | Тип документа | b |